Países começados por P - Statistics

Estatísticas Gerais
  • Esse quiz foi jogado 75 vezes
  • A pontuação média é 6 de 9
Estatísticas das Respostas
Resposta % Correto
Portugal
94%
Polónia
88%
Paquistão
82%
Peru
76%
Panamá
75%
Paraguai
73%
Palau
69%
Papua-Nova Guiné
57%
Países Baixos
31%
Nenhum quiz correspondente encontrado
Distribuição das Pontuações
Porcentagem de Pessoas com Cada Pontuação
Percentil de Números Respondidos
Sua Pontuação Histórica
Você não jogou esse quiz